One body in Christ : (Record no. 9175)

MARC details
000 -LEADER
fixed length control field 00639nam a22002177a 4500
003 - CONTROL NUMBER IDENTIFIER
control field GBCCL
005 - DATE AND TIME OF LATEST TRANSACTION
control field 20241126110706.0
008 - FIXED-LENGTH DATA ELEMENTS--GENERAL INFORMATION
fixed length control field 220420b ||||| |||| 00| 0 eng d
020 ## - INTERNATIONAL STANDARD BOOK NUMBER
International Standard Book Number 0860651053
020 ## - INTERNATIONAL STANDARD BOOK NUMBER
International Standard Book Number 9789384302108
040 ## - CATALOGING SOURCE
Transcribing agency gbc
082 ## - DEWEY DECIMAL CLASSIFICATION NUMBER
Classification number 248
Item number POO
100 ## - MAIN ENTRY--PERSONAL NAME
Personal name Poonen, Zac
9 (RLIN) 6850
245 ## - TITLE STATEMENT
Title One body in Christ :
Remainder of title the meaning of Christian fellowship /
Statement of responsibility, etc. Zac Poonen
260 ## - PUBLICATION, DISTRIBUTION, ETC.
Place of publication, distribution, etc. Bangalore :
Name of publisher, distributor, etc. CFC,
Date of publication, distribution, etc. 1974
300 ## - PHYSICAL DESCRIPTION
Extent 60 pages ;
Dimensions 18 cm
650 ## - SUBJECT ADDED ENTRY--TOPICAL TERM
Topical term or geographic name entry element Fellowship
Form subdivision Religious aspects
General subdivision Christianity.
9 (RLIN) 15981
650 ## - SUBJECT ADDED ENTRY--TOPICAL TERM
Topical term or geographic name entry element Christian life.
9 (RLIN) 183
650 ## - SUBJECT ADDED ENTRY--TOPICAL TERM
Topical term or geographic name entry element Christian church
Form subdivision Fellowship
9 (RLIN) 15982
942 ## - ADDED ENTRY ELEMENTS (KOHA)
Source of classification or shelving scheme Dewey Decimal Classification
Koha item type Books
Holdings
Withdrawn status Lost status Source of classification or shelving scheme Damaged status Not for loan Home library Current Library Shelving location Date acquired Total checkouts Full call number Barcode Date last seen Copy number Price effective from Koha item type
    Dewey Decimal Classification     GRACE BIBLE COLLEGE GRACE BIBLE COLLEGE Ministry & Mission 2022-04-20   248 POO 005969 2025-05-01 c.1 2022-04-20 Books
© Grace Bible College Library 2025